| 000 | 00912nam a22001937a 4500 | ||
|---|---|---|---|
| 999 |
_c62858 _d62858 |
||
| 003 | Ge_BSU | ||
| 005 | 20250311110152.0 | ||
| 008 | 250311s1996 ge ||||| |||| 00| 0 geo d | ||
| 041 | _ageo | ||
| 080 | _a616.3 მ-43 | ||
| 100 |
_aმაჭარაშვილი, ჯ. _924507 |
||
| 245 |
_aსხვადასხვა სახის საკვების გავლენა კუჭის სეკრეციულ მოქმედებაზე და მათი გამოყენება _c ჯ. მაჭარაშვილი. |
||
| 264 |
_aთბილისი : _bბიომედგამი, _c1996 . |
||
| 300 |
_a142 გვ.; _b20 სმ. |
||
| 653 | _aსაჭმლის მომნელებელი სისტემა | ||
| 653 | _aგასტროენტეროლოგია | ||
| 653 | _aმედიცინა | ||
| 942 |
_2udc _cᲬᲘᲒᲜᲘ |
||